| 000 | 00891nam a2200265 a 4500 | ||
|---|---|---|---|
| 001 | 000004110 | ||
| 003 | DO-SdBNP | ||
| 005 | 20240412074202.0 | ||
| 007 | ta | ||
| 008 | 090717e2004 dr a er 001 p spa d | ||
| 020 | _a9945851233 | ||
| 040 |
_aDO-SdBNP _bspa _cBNPHU |
||
| 082 | 4 |
_aRD861.44 _bT266L _222 |
|
| 100 | 1 |
_aTejada Martínez, Puro, _d1967- _912221 |
|
| 245 | 1 | 0 |
_aUn latido en las tinieblas / _cPuro Tejada Martínez ; Ilustración Leo Núñez |
| 260 |
_aSantiago de los Caballeros, República Dominicana : _bEdiciones D, _c2004. |
||
| 300 |
_a61 p. : _bil. ; _c21 cm. |
||
| 500 | _aIncluye datos biográficos del autor en las solapa de la cubierta. | ||
| 590 | _aInventariado, 2019/LP | ||
| 650 | 4 |
_aPoesía dominicana _966 |
|
| 650 | 0 |
_aLiteratura dominicana. _967 |
|
| 700 | 1 |
_aNúñez , Leo, _eil. _981305 |
|
| 910 | _aValidado. Control de calidad MFF | ||
| 942 |
_2ddc _cLBS1 |
||
| 999 |
_c3928 _d3928 |
||